000 00531nam a2200181Ia 4500
008 090630s9999 xx 000 0 und d
082 _b23083
100 _aओक जनार्दन.
245 _aसोमनाथ.
_cओक जनार्दन.
260 _bशांती - पुणे.
_c2002
300 _a256
600 _aओक जनार्दन.
630 _aसोमनाथ.
655 _aइतर.
700 _aओक जनार्दन.
730 _aसोमनाथ.
942 _cBOOK
999 _c274939
_d274939